000 00768nam a2200277 i 4500
999 _c129684
_d129684
001 C2-0330910
003 PPAK
005 20190310082931.0
008 150520s2015 my a|||| ||||| | eng d
020 _a9789670441375
040 _aPPAK
_beng
_cPPAK
_erda
082 0 4 _a823
_223
090 0 0 _a823
_bLEE
_dK
090 2 0 _a823
_bLEE
_dRK
100 0 _aLeen,
_eauthor
245 1 0 _aFuss over nut
264 1 _aSubang Jaya, Selangor :
_bMinda Ceria Resources ,
_c2015
300 _a15 pages :
_bcolour illustrations ;
_c26 cm
336 _2rdacontent
_atext
337 _2rdamedia
_aunmediated
338 _2rdacarrier
_avolume
490 1 _aWonderland of wishes
650 1 0 _aChildren's stories, English.
830 0 _aWonderland of wishes
942 _cB
_2ddc